ՀՀ Գիտությունների ազգային ակադեմիայի հիմնարար գիտական գրադարան  =   Fundamental Scientific Library of NAS RA

Ежегодник министерства финансов / (Record no. 399280)

MARC details
000 -LEADER
fixed length control field 00857nam a22001937a 4500
003 - CONTROL NUMBER IDENTIFIER
control field AM-YeHGA
005 - DATE AND TIME OF LATEST TRANSACTION
control field 20250617153836.0
008 - FIXED-LENGTH DATA ELEMENTS--GENERAL INFORMATION
fixed length control field 180206b1889 xxu||||| |||| 00| 0 rus d
040 ## - CATALOGING SOURCE
Original cataloging agency AM-YeHGA
041 0# - LANGUAGE CODE
Language code of text/sound track or separate title rus
090 ## - LOCALLY ASSIGNED LC-TYPE CALL NUMBER (OCLC); LOCAL CALL NUMBER (RLIN)
-- 401432
245 00 - TITLE STATEMENT
Title Ежегодник министерства финансов /
Statement of responsibility, etc. Сост. под. ред. А.К. Веселовскаго
260 ## - PUBLICATION, DISTRIBUTION, ETC.
Place of publication, distribution, etc. Санкт-Петербур .
Name of publisher, distributor, etc. ип. ред. период. изд. Мин-ва финансов,
Date of publication, distribution, etc. 1889
300 ## - PHYSICAL DESCRIPTION
Extent выпуск
505 10 - FORMATTED CONTENTS NOTE
Miscellaneous information Вып. VII (1876, 580 с. : табл.)
-- Вып. XIV (1889, 552 с. : табл.)
-- Вып. 1899 (1900, 967 с. : табл.)
-- Вып. 1903 (1904, 894 с. : табл.)
650 14 - SUBJECT ADDED ENTRY--TOPICAL TERM
Topical term or geographic name entry element Экономика
Form subdivision Ежегодники
700 1# - ADDED ENTRY--PERSONAL NAME
Personal name Веселовскаго, А.К.
Relator term сост.
Relationship com
Relator term ред.
Relationship edt
942 ## - ADDED ENTRY ELEMENTS (KOHA)
Source of classification or shelving scheme Universal Decimal Classification
Koha item type Գրքեր / Books
Holdings
Withdrawn status Lost status Source of classification or shelving scheme Damaged status Not for loan Collection Home library Current library Date acquired Serial enumeration / chronology Total checkouts Full call number Barcode Date last seen Price effective from Koha item type Public note
    Universal Decimal Classification     General Fundamental Scientific Library Fundamental Scientific Library 06/02/2018 Вып. 7   PIII/13472 FL0472840 06/02/2018 06/02/2018 Գրքեր / Books 30 Days Loan
    Universal Decimal Classification     General Fundamental Scientific Library Fundamental Scientific Library 06/02/2018 Вып. 14   PIII/13469 FL0472827 06/02/2018 06/02/2018 Գրքեր / Books 30 Days Loan
    Universal Decimal Classification     General Fundamental Scientific Library Fundamental Scientific Library 06/02/2018 Вып. 14   PIII/13470 FL0472828 06/02/2018 06/02/2018 Գրքեր / Books 30 Days Loan
    Universal Decimal Classification     General Fundamental Scientific Library Fundamental Scientific Library 06/02/2018 Вып. 1903   PIII/13473 FL0472839 06/02/2018 06/02/2018 Գրքեր / Books 30 Days Loan
    Universal Decimal Classification     General Fundamental Scientific Library Fundamental Scientific Library 07/02/2018 Вып. 1903   PIII/13474 FL0472851 07/02/2018 07/02/2018 Գրքեր / Books 30 Days Loan
    Universal Decimal Classification     General Fundamental Scientific Library Fundamental Scientific Library 07/02/2018 Вып. 1899   PIII/13471 FL0472852 07/02/2018 07/02/2018 Գրքեր / Books 30 Days Loan


ՀՀ ԳԱԱ հիմնարար գիտական գրադարան
ՀՀ,Երևան 0019
Մարշալ Բաղրամյան 24/6
հեռախոս:(374-10) 52-47-50
Հետադարձ կապ

All site content, except where otherwise noted, is licensed under a
Creative Commons License